Разделение бинарной ионной смеси литий-натрий методом двумерной электрохроматографии в колонке щелевого типа; Известия Томского политехнического института [Известия ТПИ]; Т. 162

Bibliographische Detailangaben
Parent link:Известия Томского политехнического института [Известия ТПИ]/ Томский политехнический институт (ТПИ).— , 1944-1976
Т. 162.— 1967.— [С. 216-219]
1. Verfasser: Тихонов Г. С.
Weitere Verfasser: Тихомиров И. А. Иван Арсентьевич
Zusammenfassung:Заглавие с титульного листа
Электронная версия печатной публикации
Sprache:Russisch
Veröffentlicht: 1967
Schriftenreihe:Физика
Schlagworte:
Online-Zugang:Черно-белая версия для предварительного просмотра
Цветная версия без потери качества
Format: MixedMaterials Elektronisch Buchkapitel
KOHA link:https://koha.lib.tpu.ru/cgi-bin/koha/opac-detail.pl?biblionumber=212046

MARC

LEADER 00000nla2a2200000 4500
001 212046
005 20231031192804.0
035 |a (RuTPU)RU\TPU\book\231669 
035 |a RU\TPU\book\231664 
090 |a 212046 
100 |a 20120322d1967 k y0rusy50 ca 
101 0 |a rus 
102 |a RU 
135 |a drnn ---uucaa 
181 0 |a i  
182 0 |a b 
200 1 |a Разделение бинарной ионной смеси литий-натрий методом двумерной электрохроматографии в колонке щелевого типа  |b Электронный ресурс  |f Г. С. Тихонов, И. А. Тихомиров 
203 |a Текст  |c электронный 
215 |a 2 файла (177 Кб, 6.5 Мб) 
225 1 |a Физика 
230 |a Электронные текстовые данные (2 файла : 177 Кб, 6.5 Мб) 
300 |a Заглавие с титульного листа 
300 |a Электронная версия печатной публикации 
320 |a [Библиогр.: с. 219 (3 назв.)] 
337 |a Adobe Reader 
461 1 |0 (RuTPU)RU\TPU\book\200995  |t Известия Томского политехнического института [Известия ТПИ]  |f Томский политехнический институт (ТПИ)  |d 1944-1976 
463 1 |0 (RuTPU)RU\TPU\book\231481  |t Т. 162  |v [С. 216-219]  |d 1967  |p 278 с. 
610 1 |a электронный ресурс 
610 1 |a труды учёных ТПУ 
700 1 |a Тихонов  |b Г. С. 
701 1 |a Тихомиров  |b И. А.  |c российский физик  |c доктор физико-математических наук, профессор Томского политехнического университета  |f 1921-2010  |g Иван Арсентьевич  |2 stltpush  |3 (RuTPU)RU\TPU\pers\18334  |4 070 
801 1 |a RU  |b 63413507  |c 20090320  |g PSBO 
801 2 |a RU  |b 63413507  |c 20130311  |g PSBO 
856 4 |u http://www.lib.tpu.ru/fulltext/v/Bulletin_TPU/1967/v162/44_bw.pdf  |z Черно-белая версия для предварительного просмотра 
856 4 |u http://www.lib.tpu.ru/fulltext/v/Bulletin_TPU/1967/v162/44_full.pdf  |z Цветная версия без потери качества 
942 |c CF